Statistics for Countries Where Spanish is the Official Language

Click here to take the quiz!

General Stats

  • This quiz has been taken 90 times
    (78 since last reset)
  • The average score is 16 of 19

Answer Stats

Country% Correct
Spain
100%
Paraguay
96%
Venezuela
96%
Argentina
93%
Chile
93%
Peru
93%
Costa Rica
89%
Ecuador
89%
Cuba
88%
Honduras
88%
Panama
88%
Uruguay
88%
Bolivia
86%
Colombia
85%
El Salvador
85%
Nicaragua
85%
Guatemala
82%
Dominican Republic
79%
Equatorial Guinea
47%

Score Distribution

Percentile by Number Answered

Percent of People with Each Score

Your Score History

You have not taken this quiz since the last reset